Missing Word: Billboard Hot 100 (2014) Quiz Stats

 Plays Quiz Updated Aug 24, 2017

Support Sporcle.
Go Orange.
Score 0/20 Timer 03:00
0 Plays Today
Song Name Missing Word % Correct
Wrecking _____Ball
95.9%
Story of my _____Life
95.9%
All of _____Me
95.2%
All About that _____Bass
92.5%
Let Her _____Go
90.8%
Shake It _____Off
89%
Let _____ GoIt
87.1%
Best _____ of my LifeDay
83.9%
_____ HorseDark
81.8%
_____ With MeStay
81.4%
Song Name Missing Word % Correct
Turn _____ for WhatDown
78.8%
_____ Me Up!Wake
70.8%
_____ DirtyTalk
68.5%
_____ StarsCounting
67.5%
Say _____Something
58.3%
_____ FreeBreak
57%
_____ ClapBoom
56.4%
Black _____Widow
56%
_____ in LoveDrunk
50.4%
Am I _____Wrong
49.4%

Today's Daily Dose

Missing Word
Inventors

Word Ladder
Feud Chain

Get the Picture
Domestic Movie Titles

From the Vault

TV Title Actors (A-Z)

by LTH

This is for all you couch potatoes out there.
Remove Ads.
Support Sporcle.
Get the best of Sporcle when you Go Orange. This ad-free experience offers more features, more stats, and more fun while also helping to support Sporcle. Thank you for becoming a member.

Show Comments

Extras

Top Quizzes Today


Score Distribution

Your Account Isn't Verified!

In order to create a playlist on Sporcle, you need to verify the email address you used during registration. Go to your Sporcle Settings to finish the process.

Report this User

Report this user for behavior that violates our Community Guidelines.

Details: